<?xml version="1.0" encoding="UTF-8"?>
<record
    xmlns:xsi="http://www.w3.org/2001/XMLSchema-instance"
    xsi:schemaLocation="http://www.loc.gov/MARC21/slim http://www.loc.gov/standards/marcxml/schema/MARC21slim.xsd"
    xmlns="http://www.loc.gov/MARC21/slim">

  <leader>00708nam a2200193 i 4500</leader>
  <controlfield tag="001">28166</controlfield>
  <controlfield tag="003">ES-MaACL</controlfield>
  <controlfield tag="005">20250625150552.0</controlfield>
  <controlfield tag="007">t|</controlfield>
  <controlfield tag="008">030116m19821983sp           ||||1| cat d</controlfield>
  <datafield tag="100" ind1="1" ind2=" ">
    <subfield code="a">Balcells, Jos&#xE9; Mar&#xED;a,</subfield>
    <subfield code="d">1943-</subfield>
    <subfield code="9">24862</subfield>
  </datafield>
  <datafield tag="245" ind1="1" ind2="0">
    <subfield code="a">Santiago Rusi&#xF1;ol i la literatura hisp&#xE1;anica </subfield>
    <subfield code="b">: homenatge a Carles Rahola / </subfield>
    <subfield code="c">Josep M&#xAA; Balcells.</subfield>
  </datafield>
  <datafield tag="260" ind1=" " ind2=" ">
    <subfield code="a">[Girona] : </subfield>
    <subfield code="b">Institut d'Estudis Gironins, </subfield>
    <subfield code="c">1982-1983.</subfield>
  </datafield>
  <datafield tag="300" ind1=" " ind2=" ">
    <subfield code="a">19 p. ; </subfield>
    <subfield code="c">24 cm.</subfield>
  </datafield>
  <datafield tag="500" ind1=" " ind2=" ">
    <subfield code="a">Separata de: Annals de l'Institut d'Estudis Gironins, v. 26, 1982-1983, p. 523-541.</subfield>
  </datafield>
  <datafield tag="600" ind1="1" ind2="4">
    <subfield code="a">Rusi&#xF1;ol, Santiago, </subfield>
    <subfield code="d">1861-1931</subfield>
    <subfield code="9">241043</subfield>
  </datafield>
  <datafield tag="852" ind1=" " ind2=" ">
    <subfield code="a">ES-MaACL</subfield>
    <subfield code="j">2138-F-7 </subfield>
    <subfield code="b">R.114393</subfield>
  </datafield>
  <datafield tag="999" ind1=" " ind2=" ">
    <subfield code="c">28166</subfield>
    <subfield code="d">28166</subfield>
  </datafield>
  <datafield tag="952" ind1=" " ind2=" ">
    <subfield code="0">0</subfield>
    <subfield code="1">0</subfield>
    <subfield code="4">0</subfield>
    <subfield code="7">0</subfield>
    <subfield code="8">Colecci&#xF3;n_de_folletos</subfield>
    <subfield code="a">ATENEOM</subfield>
    <subfield code="b">ATENEOM</subfield>
    <subfield code="c">DEPOF</subfield>
    <subfield code="d">2008-01-17</subfield>
    <subfield code="e">SC</subfield>
    <subfield code="l">0</subfield>
    <subfield code="o">2138-F-7</subfield>
    <subfield code="p">1029078</subfield>
    <subfield code="r">2023-02-23 00:00:00</subfield>
    <subfield code="w">2023-02-23</subfield>
    <subfield code="y">FOLLETOS</subfield>
  </datafield>
</record>
